00505nam a2200157 i 450000100060000000300090000600500170001500700030003200800410003510000320007624501200010826000350022830000210026370000320028485200310031636153ES-MaACL20260504130822.0t|030217s1973 sp ||||1| spa d aBreton, André,d1896-196610aDocumentos políticos del surrealismob: año 1935 /cAndré Breton ; [traducción, José Martín Arancibia]. aMadrid :bFundamentos,c[1973] a124 p. ;c18 cm.1 aMartín Arancibia, José. aES-MaACLjC-53098bR.85590